Una contribución al desarrollo de los qM_3-retículos /

Guardado en:
Otros Autores: Jiménez, María A. (Disertante), Figallo, Aldo V. (Orientador)
Formato: Manuscrito
Idioma:Spanish
Publicado: 2015.
Materias:
Acceso en línea:Texto completo
Etiquetas: Agregar Etiqueta
Sin Etiquetas, Sea el primero en etiquetar este registro!
LEADER 01320ntm a22003255a 4500
001 MAT.inmabb007065
008 170612s2015####ag#######bm###000#0#spa#d
005 20180221104426.0
245 1 4 |a Una contribución al desarrollo de los qM_3-retículos /  |c María A. Jiménez. 
260 |c 2015. 
300 |a xxii, 253 p. ;  |c 30 cm. 
500 |a "Tesis de Doctorado en Matemática". 
500 |a Director de tesis: Aldo V. Figallo. 
502 |a Tesis (doctoral)--Universidad Nacional del Sur. Departamento de Matemática, 2016. 
530 |a Disponible también en formato digital. 
504 |a Incluye referencias bibliográficas. 
100 1 |a Jiménez, María A.  |4 dis 
700 1 |a Figallo, Aldo V.  |q (Aldo Victorio)  |4 ths 
710 2 |a Universidad Nacional del Sur.  |b Departamento de Matemática  |4 dgg. 
082 0 4 |a 040  |2 15 
082 0 4 |a 511.33  |2 21 
650 7 |a Matemáticas.  |2 unbist 
650 7 |b Álgebra.  |2 unbist 
650 7 |a Retículos, teoría de.  |2 Tesamat 
653 |a Dualidades topológicas 
653 |a Congruencias 
653 |a Álgebras subdirectamente irreducibles 
856 4 1 |3 Texto completo  |u http://repositoriodigital.uns.edu.ar/handle/123456789/3488 
859 |a AR-BaUNS  |b BIB. MATEMATICA  |h 040  |i B148 2016-1483j  |k R  |p A-9136 
859 |a AR-BaUNS  |b BIB. MATEMATICA  |h 040  |i B148 2016-1483j  |p 126148/017